| 000 | 00819nam a2200241 a 4500 | ||
|---|---|---|---|
| 999 |
_c9572 _d9572 |
||
| 001 | 9572 | ||
| 003 | BD-JhCC | ||
| 005 | 20180319184146.0 | ||
| 008 | 180319s2007 bg a|||| ||a| 001 0 be d | ||
| 020 | _a984300000966 | ||
| 035 | _a(BD-JhCC)9572 | ||
| 040 |
_aBD-JhCC _dBD-JhCC |
||
| 041 | _aben | ||
| 082 |
_a954.92 _bPRO 2007 |
||
| 245 |
_aপ্রবাদ-প্রবচন / _cসম্পাদনায় সিরাজুল ইসলাম |
||
| 260 |
_aঢাকা: _bবাংলাদেশ এশিয়াটিক সোসাইটি ; _c2007. |
||
| 300 |
_a430 p. : _c24 cm. |
||
| 490 | _aবাংলাদেশ সাংস্কৃতিক সমীক্ষামালা - ৯ | ||
| 504 | _aIncludes index. | ||
| 650 |
_aProverb _zBangladesh |
||
| 942 |
_2ddc _cBK |
||